<The> Price of water trends in OECD countries

Salvato in:
Dettagli Bibliografici
Natura: Libro
Lingua:inglese
Pubblicazione: Paris OECD 1999
Soggetti:
Tags: Aggiungi Tag
Nessun Tag, puoi essere il primo ad aggiungerne!!

MARC

LEADER 00000nam a2200000 4500
001 c119890
005 20221221084645.9
020 |a 92-64-17079-0 
041 0 |a eng 
044 |a FR 
245 1 0 |a <The> Price of water  |b trends in OECD countries 
264 1 |a Paris  |b OECD  |c 1999 
300 |a 173 s. 
610 2 0 |a voda 
610 2 0 |a voda odpadová 
610 2 0 |a voda pitná 
610 2 0 |a vodárenstvo 
610 2 0 |a vodohospodárstvo 
610 2 0 |a ceny 
610 2 0 |a tarify 
610 2 0 |a efektívnosť ekonomická 
610 2 0 |a prostredie životné 
610 2 0 |a dohody 
610 2 0 |a dopyt 
610 2 0 |a zdroje vodné 
610 2 0 |a znečistenie vôd 
610 2 0 |a domácnosti 
610 2 0 |a priemysel 
610 2 0 |a svet 
610 2 0 |a OECD